| 000 | 01036nam a2200277 a 4500 | ||
|---|---|---|---|
| 001 | ebr10273714 | ||
| 003 | CaPaEBR | ||
| 006 | m u | ||
| 007 | cr cn||||||||| | ||
| 008 | 090320s2004 at s 000 1 eng d | ||
| 020 | _z9781876756505 | ||
| 020 | _z9781742191348 | ||
| 020 | _z1876756500 | ||
| 040 |
_aCaPaEBR _cCaPaEBR |
||
| 035 | _a(OCoLC)427507236 | ||
| 050 | 1 | 4 |
_aPR9619.3.S95 _bM63 2004eb |
| 100 | 1 |
_aSykes, Patricia, _d1941- |
|
| 245 | 1 | 0 |
_aModewarre _h[electronic resource] : _bhome ground / _cPatricia Sykes. |
| 260 |
_aNorth Melbourne, Vic. : _bSpinifex Press, _c2004. |
||
| 300 | _aix, 90 p. | ||
| 533 |
_aElectronic reproduction. _bPalo Alto, Calif. : _cebrary, _d2009. _nAvailable via World Wide Web. _nAccess may be limited to ebrary affiliated libraries. |
||
| 650 | 0 |
_aAustralian poetry _y21st century. |
|
| 655 | 7 |
_aElectronic books. _2local |
|
| 710 | 2 | _aebrary, Inc. | |
| 856 | 4 | 0 |
_uhttp://site.ebrary.com/lib/rucke/Doc?id=10273714 _zAn electronic book accessible through the World Wide Web; click to view |
| 999 |
_c6978 _d6978 |
||